| 000 | 00380pam a2200157a 44500 | ||
|---|---|---|---|
| 008 | 230515b1994 xxu||||| |||| 00| 0 eng d | ||
| 020 | _a0-14-023076-9 | ||
| 041 | _aENGL | ||
| 082 | _a121 BON. | ||
| 100 | _a"BONO E.D.," | ||
| 245 | _aPARALLEL THINKING | ||
| 250 | _a0 | ||
| 260 |
_aLONDON _bPENGUIN BOOK LTD _c1994 |
||
| 300 | _a228 | ||
| 650 | _a"KNOWLEDGE,PARALLEL THINKING" | ||
| 999 |
_c534345 _d534345 |
||